000 00382nam a2200157Ia 4500
008 210210b1967 xxu||||| |||| 00| 0 eng d
082 _a039.1H SACH
100 _a-
245 _aSachitr vishwkosh. 10V.V5- krishi udhyog vyapar.
260 _aN D
_bRajpal & Sons
_c1967
300 _a102
440 _a5
650 _aEncyclopaedia
690 _aEncyclopaedia
906 _a029996
999 _c81193
_d81193